000 03495nam a2200325 i 4500
001 000007003
003 DO-SdBNP
005 20251120073731.0
007 ta
008 090904t1991 dr 001 0 spa d
040 _aDO-SdBNP
_bspa
_cBNPHU
_erda
041 _aspa
082 4 _aRD860.4409
_bR789v
_222
100 1 _aRosario Candelier, Bruno,
_d1941-
_eautor
_4aut.
_9851
245 1 0 _aValores de las letras dominicanas /
_cBruno Rosario Candelier.
264 _aSantiago de los Caballeros, República Dominicana :
_bPUCMM,
_c1991.
300 _a433 páginas ;
_c23 cm.
336 _atexto
_btxt
_2rdacontent
337 _asin mediación
_bn
_2rdamedia
490 _aEstudios
500 _aIncluye datos biográficos del autor en la contracubierta.
505 0 _tIntroducción :
_tLas generaciones literarias dominicanas --
_gLÍRICA --
_tTendencias y agrupaciones poéticas dominicanas --
_tEmilio García Godoy : memoranzas y poemas --
_tDomingo Moreno Jimemes, vínculo de los eterno --
_tManuel del Cabral, poeta social y metafísico --
_tTomás Morel en el corazón del folklore --
_tOctavio Guzmán Carretero, un lírico socio-realista --
_tFranklin Mieses Burgos, un barroco transcendente --
_tMariano Lebrón Saviñón, un lírico neoromántico --
_tAntonio Fernández Spencer y su cosmovisión poética --
_tManuel Valerio o la metafísica de su pasión interior --
_tManuel Rueda, entre la tradición y la renovación --
_tFreddy Gatón Arce o la búsqueda de la identidad nacional --
_tVíctor Villegas o la revelación de un desgarramiento --
_tCayo Cláudio Espinal, creador de una nueva sensibilidad --
_tJosé Enrique García o la aventura visionaria del fabulador --
_tEnriquillo Sánchez, un poeta fluvial y luminoso --
_tPedro José Gris y su lírica reflexiva --
_tJosé Mármol: pensamiento y poesía --
_tJulio Adames o el temblor primigenio de su creación --
_tCarmen Sánchez o el aliento poético con vibración canora.
505 0 _gNARRATIVA --
_tEl cuento en Santo Domingo --
_tLa cuentística de Juan Bosch --
_tAmiama, el terrateniente o la nostalgia de la tierra --
_tHilma Contreras: el aliento emocional de una cuentística --
_tAída Cartagena: el aporte de Escalera para Electra --
_tVirgilio Díaz Grullón: el espejo de la apelacin interior --
_tDeive, las desvastaciones o las caracterización epocal --
_tMarcio Veloz Maggiolo en la fantasía del amor --
_tAída Bonnelly y sus variaciones sensoriales --
_tDiógenes Valdez y la creación metanarrativa --
_tJosé Alcántara Almánzar y su reclamo narrativo --
_tBernardo Vega: historia y ficción en Domini Canes --
_tLa narrativa de Roberto Marcallé Abréu --
_tJohanna Goede: una nueva veta creadora --
_gCRÍTICA Y ENSAYO --
_tGeneraciones y tendencias críticas dominicanas --
_tLa República Dominicana de Enrique Deschamps --
_tPedro Henríquez Ureña: Filólogo de América --
_tJoaquín Balaguer: Las bases de una crítica retórica --
_tJuan Bosch: Biografía de David con reflexión estética y moral --
_tUna confluencia singular: Rubén Darío y Santo Domingo --
_tAntología de mujeres poetas de Daysi Cocco --
_tEl negro en la poesía dominicana, de Vicenta Caamaño --
_tManuel Núñez: Historia, cultura y nación.
590 _aInventariado, 2018/LP
650 1 4 _aLiteratura dominicana
_xHistoria y crítica
_9159
650 1 4 _aAutores dominicanos
_xCrítica e interpretación
_9158
710 2 _aPontificia Universidad Católica Madre y Maestra
_9843
910 _aValidado. Control de calidad EMS.
942 _2ddc
_cLBS1
999 _c6787
_d6787